000 00279nam a22001097a 4500
008 241121b |||||||| |||| 00| 0 eng d
100 _aNIIT
245 _aOffice Applications Database :
_bStudent Guide
260 _aIndia :
_bNIIT Limited,
300 _c26.5 Cm.
942 _2ddc
999 _c10098
_d10099